=LDR 00000nam 2200000 4500 =001 INLIS000000000041999 =005 20130612151512 =008 ***********************************ind** =035 ##$$0010-061300000041999 =041 ##$$a ind =082 ##$$a 574.07 =090 ##$$a 574.07, Sub b =100 ##$$a Subardi =245 ##$$a Biologi untuk kelas Xii SMA dan MA, Subardi, Nuryani, Shidiqi pramono;Editor, Rr yani muharomah =260 ##$$b Jakarta =300 ##$$a Vi,120 hlm, 25 cm =650 ##$$a BIOLOGI - STUDI DAN PENGAJARAN =700 ##$$a Nuryani =850 ##$$a NBPNMAT